000 00399nam a2200157Ia 4500
008 230711s9999||||xx |||||||||||||| ||und||
020 _a978-93-5014-159-5
041 _aENG
082 _a621.3
100 _aGupta J.B
245 0 _aBasic electrical and Electronics Engineering
250 _a6th
260 _c2011
_aNew Delhi
_bS.K Kataria & Sons
650 _aElectrical Engineering
942 _cBK
999 _c9385
_d9385